Chorwacja - Żupanie Chorwacji (podział administracyjny) - Mapa - Statystyki

Ogólne statystyki
  • Ten quiz został rozwiązany 923 razy
  • Średni wynik to 8 z 21
Odpowiedzi na mapie
Odpowiedzi zakodowano w zielono-czerwonej skali na mapie do tego quizu, zgodnie z poniższymi procentami.
 
Statystyki odpowiedzi
Żupania Stolica % Poprawnych
Zagrzeb
97%
Zagrzebska Zagrzeb
97%
Splicko-dalmatyńska Split
80%
Dubrownicko-neretwiańska Dubrownik
75%
Zadarska Zadar
65%
Primorsko-gorska Rijeka
55%
Osijecko-barańska Osijek
48%
Karlowacka Karlovac
35%
Szybenicko-knińska Szybenik
34%
Istryjska Pazin
31%
Varażdińska Varaždin
27%
Licko-seńska Gospić
21%
Vukowarsko-srijemska Vukovar
20%
Sisacko-moslawińska Sisak
18%
Brodzko-posawska Slavonski Brod
16%
Medzimurska Čakovec
15%
Bielowarsko-bilogorska Bjelovar
12%
Krapińsko-zagorska Krapina
11%
Kopriwnicko-kriżewczyńska Koprivnica
10%
Virowiticko-podrawska Virovitica
10%
Pożedzko-slawońska Požega
9%
Nie znaleziono quizów pasujących do podanych kryteriów
Rozkład punktacji
Procent ludzi z każdym wynikiem
Percentyl według liczby udzielonych odpowiedzi
Twoja historia wyników
Nie rozwiązałeś tego quizu